NFL Cincinnati Bengals 2021-2022 Active Roster - Statistics

General Stats
  • This quiz has been taken 249 times
  • The average score is 27 of 67
Answer Stats
Hint Answer % Correct
QB Joe Burrow
99%
WR JaMarr Chase
98%
RB Joe Mixon
98%
WR Tee Higgins
93%
WR Tyler Boyd
88%
CB Eli Apple
73%
Head Coach Zac Taylor
73%
FS Jessie Bates
72%
DE Trey Hendrickson
71%
RB Samaje Perine
68%
QB Brandon Allen
67%
K Evan McPherson
67%
TE C.J. Uzomah
66%
T Jonah Williams
62%
RB Trayveon Williams
62%
FS Ricardo Allen
61%
DE Sam Hubbard
60%
TE Drew Sample
56%
DE Cameron Sample
54%
RB Chris Evans
53%
SS Vonn Bell
53%
ILB Logan Wilson
52%
DT B.J. Hill
51%
CB Chidobe Awuzie
51%
FS Brandon Wilson
50%
CB Mike Hilton
50%
DT D.J. Reader
49%
C Trey Hill
47%
OLB Jordan Evans
46%
OLB Germaine Pratt
45%
P Kevin Huber
42%
WR Trenton Irwin
40%
WR Mike Thomas
34%
SS Michael Thomas
33%
T DAnte Smith
32%
WR Auden Tate
31%
WR Stanley Morgan Jr
31%
G Jackson Carman
30%
G Fred Johnson
28%
DE Joseph Ossai
27%
LS Clark Harris
26%
G Quinton Spain
26%
C Trey Hopkins
26%
T Isaiah Prince
25%
CB Jalen Davis
24%
CB Tre Flowers
24%
OLB Akeem Davis-Gaither
23%
TE Mitchell Wilcox
23%
Offensive Cord. Brian Callahan
22%
DT Larry Ogunjobi
22%
Defensive Cord. Lou Anarumo
22%
T Riley Reiff
21%
CB Trae Waynes
20%
OLB Keandre Jones
19%
ILB Markus Bailey
19%
OLB Joe Bachie
16%
G Hakeem Adenji
14%
DT Josh Tupou
14%
DE Khalid Kareem
14%
CB Darius Phillips
13%
DT Tyler Shelvin
11%
CB Vernon Hargreaves
11%
ILB Clay Johnston
10%
Special Teams Cord. Darrin Simmons
8%
DE Wyatt Hubert
7%
OLB Wyatt Ray
7%
DT Zach Kerr
6%
No matching quizzes found
Score Distribution
Percent of People with Each Score
Percentile by Number Answered
Your Score History
You have not taken this quiz